000
00345nam a2200133Ia 4500
008
231129s9999||||xx |||||||||||||| ||spa||
020
_a
84-329-5301-6
040
_b
spa
082
_a
657 A487t
100
_a
Amat Oriol
245
0
_a
Tratado de contabilidad
264
_a
Ediciones Ceac
942
_2
ddc
_c
BKS
999
_c
25597
_d
25597